[Event "POL-ch U16 Girls"]
[Site "Sypniewo"]
[Date "2022.03.27"]
[Round "9"]
[White "Kucharska, Helena"]
[Black "Samol, Julia"]
[Result "1-0"]
[WhiteElo "1687"]
[BlackElo "1317"]
[PlyCount "109"]
[EventDate "2022.03.19"]
[EventType "swiss"]
[EventRounds "9"]
[EventCountry "POL"]
[SourceTitle "CBM 207 Extra"]
[Source "ChessBase"]
[SourceDate "2022.05.31"]
[SourceVersion "1"]
[SourceVersionDate "2022.05.31"]
[SourceQuality "1"]

1. d4 d5 2. c4 e6 3. Nf3 c6 4. Qc2 Bd6 5. Bg5 Ne7 6. e3 0-0 7. Nc3 Bd7 8. b3 Be8 9. Bd3 h6 10. Bh4 Qd7 11. 0-0 f5 12. a4 Na6 13. Na2 Kh8 14. Bg3 Rg8 15. Ne5 Qd8 16. c5 Bc7 17. Bxa6 bxa6 18. b4 g5 19. Qe2 h5 20. f4 h4 21. Be1 Bxe5 22. fxe5 Qc8 23. Nc3 Rg7 24. Bd2 Rh7 25. Rfb1 Bh5 26. Qf1 Bg6 27. Rb2 Rf7 28. Qe1 Bh5 29. b5 Ng6 30. Rab1 f4 31. exf4 Nxf4 32. Bxf4 Rxf4 33. b6 axb6 34. cxb6 Qb7 35. Qd2 Raf8 36. Ne2 R4f5 37. h3 Kh7 38. Qc2 Kg8 39. Qd2 g4 40. hxg4 Bxg4 41. Qh6 Rh5 42. Qg6+ Qg7 43. Qxg7+ Kxg7 44. b7 Rb8 45. Nf4 Rhh8 46. Rc1 Rhf8 47. Nd3 Kh6 48. Nc5 Rf7 49. Rc3 Rg7 50. Rcb3 h3 51. Nxa6 hxg2 52. Nxb8 Bf5 53. Nxc6 Rf7 54. b8Q Rg7 55. Qh8+ 1-0

[Event "POL-ch U16 Girls"]
[Site "Sypniewo"]
[Date "2022.03.25"]
[Round "7"]
[White "Starosta, Martyna"]
[Black "Samol, Julia"]
[Result "1-0"]
[WhiteElo "1894"]
[BlackElo "1317"]
[PlyCount "35"]
[EventDate "2022.03.19"]
[EventType "swiss"]
[EventRounds "9"]
[EventCountry "POL"]
[SourceTitle "CBM 207 Extra"]
[Source "ChessBase"]
[SourceDate "2022.05.31"]
[SourceVersion "1"]
[SourceVersionDate "2022.05.31"]
[SourceQuality "1"]

1. e4 c5 2. Nf3 e6 3. d4 cxd4 4. Nxd4 Nc6 5. Nc3 Qc7 6. Be2 Nf6 7. 0-0 Nxd4 8. Qxd4 Bc5 9. Qd3 h6 10. Qf3 d6 11. h3 0-0 12. Bxh6 gxh6 13. Qxf6 Kh7 14. e5 Rh8 15. Nb5 Qd7 16. Nxd6 Bxd6 17. exd6 b6 18. Bb5 1-0

[Event "POL-ch U16 Girls"]
[Site "Sypniewo"]
[Date "2022.03.24"]
[Round "6"]
[White "Samol, Julia"]
[Black "Pietrzak, Emilia"]
[Result "1-0"]
[WhiteElo "1317"]
[BlackElo "1474"]
[PlyCount "89"]
[EventDate "2022.03.19"]
[EventType "swiss"]
[EventRounds "9"]
[EventCountry "POL"]
[SourceTitle "CBM 207 Extra"]
[Source "ChessBase"]
[SourceDate "2022.05.31"]
[SourceVersion "1"]
[SourceVersionDate "2022.05.31"]
[SourceQuality "1"]

1. e4 c5 2. Nf3 e6 3. d4 cxd4 4. Nxd4 Nf6 5. Nc3 d6 6. Bg5 h6 7. Bh4 Be7 8. Bg3 a6 9. a4 b6 10. Bd3 Bb7 11. Qe2 Nbd7 12. 0-0 0-0 13. Rad1 Nc5 14. f4 Qc7 15. Rf3 Rfd8 16. Be1 d5 17. e5 Nfe4 18. Rh3 f5 19. Bxe4 dxe4 20. b4 Rxd4 21. Rxd4 Nd7 22. Qc4 Qxc4 23. Rxc4 Rc8 24. Rxc8+ Bxc8 25. Ne2 Kf7 26. Nd4 Bb7 27. Kf2 Bd5 28. Re3 g5 29. g3 g4 30. Bd2 Nb8 31. Re1 Bc4 32. c3 Ke8 33. Be3 Kd7 34. Rh1 Kc7 35. h3 h5 36. hxg4 hxg4 37. Rh6 Kd7 38. Rh8 Nc6 39. Nxc6 Kxc6 40. Rc8+ Kd5 41. Re8 Bxb4 42. cxb4 Bb3 43. a5 bxa5 44. bxa5 Ba2 45. Rc8 1-0

[Event "POL-ch U15 Qual"]
[Site "Jastrzebia Gora"]
[Date "2021.11.20"]
[Round "8"]
[White "Kaznowska, Kinga"]
[Black "Samol, Julia"]
[Result "0-1"]
[WhiteElo "1251"]
[BlackElo "1206"]
[PlyCount "62"]
[EventDate "2021.11.15"]
[EventType "swiss"]
[EventRounds "9"]
[EventCountry "POL"]
[SourceTitle "EXT 2023"]
[Source "ChessBase"]
[SourceDate "2022.10.05"]
[SourceVersion "1"]
[SourceVersionDate "2022.10.05"]
[SourceQuality "1"]

1. e4 c5 2. Nf3 e6 3. g3 Nc6 4. c3 Nf6 5. Qe2 e5 6. Bg2 d6 7. 0-0 Be7 8. h3 0-0 9. Rd1 Qc7 10. b3 a6 11. Bb2 b5 12. d4 Bd7 13. dxc5 dxc5 14. Nbd2 h6 15. c4 b4 16. Nf1 Nd4 17. Nxd4 cxd4 18. f4 Bc5 19. Kh2 Rad8 20. fxe5 Qxe5 21. Qd3 Bc6 22. Re1 Rfe8 23. Nd2 Nh5 24. Nf1 Re6 25. Rad1 Rg6 26. Qf3 Rf6 27. Qe2 Rxf1 28. Qxf1 Nxg3 29. Qf3 Ne2+ 30. Kh1 Bd6 31. Qxe2 Qh2# 0-1

[Event "POL-ch blitz (Women)"]
[Site "Bydgoszcz"]
[Date "2020.12.12"]
[Round "2"]
[White "Samol, Julia"]
[Black "Zarebska, Lena"]
[Result "0-1"]
[WhiteElo "1251"]
[BlackElo "1855"]
[PlyCount "58"]
[EventDate "2020.12.12"]
[EventType "swiss (blitz)"]
[EventRounds "11"]
[EventCountry "POL"]
[SourceTitle "CBM 199 Extra"]
[Source "ChessBase"]
[SourceDate "2021.01.31"]
[SourceVersion "1"]
[SourceVersionDate "2021.01.31"]
[SourceQuality "1"]

1. e4 c5 2. Nf3 e6 3. d4 cxd4 4. Nxd4 Bc5 5. Nb3 Bb6 6. Bc4 Ne7 7. 0-0 0-0 8. Nc3 Nbc6 9. Bf4 f5 10. exf5 Nxf5 11. Na4 Bc7 12. Bxc7 Qxc7 13. Nac5 d5 14. Be2 b6 15. Nd3 Bb7 16. Bf3 Rad8 17. Re1 Qd6 18. Qd2 e5 19. Bg4 Qf6 20. Qe2 Ncd4 21. Nxd4 Nxd4 22. Qd2 e4 23. Nb4 Ne6 24. Rf1 Ng5 25. Rab1 Qg6 26. Qe2 a5 27. Na6 Nf3+ 28. Bxf3 exf3 29. Qd3 Qxg2# 0-1

[Event "Polanica Zdroj op-E 56th"]
[Site "Polanica Zdroj"]
[Date "2020.08.19"]
[Round "5"]
[White "Samol, Julia"]
[Black "Jankowski, Igor"]
[Result "0-1"]
[WhiteElo "1167"]
[BlackElo "1606"]
[PlyCount "58"]
[EventDate "2020.08.15"]
[EventType "swiss"]
[EventRounds "9"]
[EventCountry "POL"]
[SourceTitle "CBM 198 Extra"]
[Source "ChessBase"]
[SourceDate "2020.11.30"]
[SourceVersion "1"]
[SourceVersionDate "2020.11.30"]
[SourceQuality "1"]

1. e4 d6 2. d4 Nf6 3. Nc3 g6 4. Nf3 Bg7 5. Be2 0-0 6. 0-0 Na6 7. Be3 Bd7 8. Rb1 Ng4 9. Bxa6 bxa6 10. Qd3 f5 11. Qxa6 Rb8 12. Qe2 e5 13. d5 f4 14. Bd2 Nh6 15. Ne1 g5 16. f3 g4 17. Nd1 g3 18. h3 Qh4 19. c4 Rf6 20. Ba5 Nf7 21. Bxc7 Rc8 22. Ba5 Rh6 23. Nf2 gxf2+ 24. Rxf2 Qg3 25. Kf1 Bf6 26. Qc2 Bh4 27. Rd2 Rg6 28. Ke2 Qf2+ 29. Kd3 Qe3# 0-1

[Event "Polanica Zdroj op-E 56th"]
[Site "Polanica Zdroj"]
[Date "2020.08.16"]
[Round "2"]
[White "Dabrowska, Aleksandra"]
[Black "Samol, Julia"]
[Result "1-0"]
[WhiteElo "1547"]
[BlackElo "1167"]
[PlyCount "95"]
[EventDate "2020.08.15"]
[EventType "swiss"]
[EventRounds "9"]
[EventCountry "POL"]
[SourceTitle "CBM 198 Extra"]
[Source "ChessBase"]
[SourceDate "2020.11.30"]
[SourceVersion "1"]
[SourceVersionDate "2020.11.30"]
[SourceQuality "1"]

1. e4 c5 2. Nf3 e6 3. d4 cxd4 4. Nxd4 Nc6 5. Nf3 Qc7 6. Nc3 a6 7. Bd3 b5 8. a4 b4 9. Ne2 Bb7 10. Bf4 e5 11. Bd2 a5 12. 0-0 Nf6 13. Ng3 Be7 14. Nf5 0-0 15. Bg5 Qd8 16. Qe2 d6 17. Rad1 Ne8 18. Bc1 Qc7 19. Be3 Bc8 20. Ng3 Be6 21. Nd2 Nf6 22. h3 Rab8 23. Rfe1 Nd7 24. Bc4 Nb6 25. b3 Kh8 26. Bd3 Rbc8 27. Rc1 Nd7 28. Qd1 Nc5 29. Be2 Rfd8 30. Bg4 Bf6 31. Nh5 Qe7 32. Qf3 Bxg4 33. Qxg4 Ne6 34. Ng3 Ncd4 35. Nc4 Ra8 36. Nb6 Rab8 37. Nd5 Qb7 38. Nh5 Be7 39. Bxd4 exd4 40. f4 Rg8 41. f5 Nc5 42. Rcd1 Qa7 43. Kh1 Nd7 44. Nxe7 Ne5 45. Qh4 Rge8 46. Nd5 Rbc8 47. f6 g6 48. Qg5 1-0